000 00742nam a22002297a 4500
999 _c828
_d828
001 15322
003 BD-DhUAP
005 20200128123424.0
008 200128r19962005nau||||| |||| 001 0 eng d
020 _a8175344482
040 _aBD-DhUAP
_bEng
_cBD-DhUAP
_dBD-DhUAP
082 _223
_a341.481 ROB
100 _aRobertson, A. H.
245 _aHuman rights in the world :
_ban introduction to the study of the international protection of human rights /
_cA. H. Robertson and J. G. Merrills.
250 _a4th ed.
260 _aManchester :
_bManchester Univ. Press,
_cc1996 [Reprinted 2005].
300 _aviii, 355 pages ;
_c22 cm.
500 _aIncludes index.
650 _aHuman rights.
700 _aMerrills, J. G.
942 _2ddc
_cBK